Pays par lettre initiale et par longueur - Statistiques

Statistiques générales
  • Ce quiz a été pris 368 fois
  • Le résultat moyen est 14 sur 20
Statistiques - réponses
indice pays % Correct
Z8 Zimbabwe
93%
O4 Oman
91%
J8 Jordanie
90%
F8 Finlande
83%
L4 Laos
83%
M4 Mali
83%
H8 Honduras
77%
F5 Fidji
71%
J8 Jamaïque
71%
H5 Haïti
67%
P5 Pérou
66%
T11 Tadjikistan
64%
L5 Liban
63%
I9 Indonésie
62%
L10 Luxembourg
62%
C4 Cuba
57%
D9 Dominique
50%
L5 Libye
50%
K8 Kiribati
45%
A6 Angola
41%
Aucun quiz correspondant
Distribution des résultats
% des personnes avec chaque résultat
Percentile par nombre de réponses
Votre historique - résultats
Vous n’avez pas pris ce quiz